000 00493nam a2200169 a 4500
005 20140412111242.0
008 060117s19uu xx 00 eng d
020 _a1-56293-915-7
050 _aTR(GS 808
_bS582 1997
100 _aSilbey, Robyn
245 _aCursive Writing /
_cRobyn Sibey ; Ainsley MacLead.
260 _aNew York :
_bMcClanahan,
_c1997.
300 _a1 v. (unp.) ; ill.
440 _aBasic skills for learning
650 _aWriting
_xJuvenile literature
999 _c102756
_d102756